000
00518nam a2200157Ia 4500
008
151213s9999 xx 000 0 und d
100
_a
আফম আব্দুর রশিদ।
245
_a
বৈষম্যেও মুখোমুখি।
_c
আফম আব্দুর রশিদ।
250
_a
১ম সং
260
_a
ঢাকা
_c
2006
300
_a
3803 p.
650
_a
Bangla
650
_a
প্রবন্ধ।
700
_a
আফম আব্দুর রশিদ।
999
_c
2505
_d
2505